Space meets time: integrating temporal and contextual influences on mental health in early adulthood (Record no. 59036)

000 -LEADER
fixed length control field 00453pab a2200157 454500
008 - FIXED-LENGTH DATA ELEMENTS--GENERAL INFORMATION
fixed length control field 180718b2003 xxu||||| |||| 00| 0 eng d
100 ## - MAIN ENTRY--PERSONAL NAME
Personal name Wheaton, Blair
245 ## - TITLE STATEMENT
Title Space meets time: integrating temporal and contextual influences on mental health in early adulthood
260 ## - PUBLICATION, DISTRIBUTION, ETC.
Date of publication, distribution, etc. 2003
300 ## - PHYSICAL DESCRIPTION
Extent p.680-706.
362 ## - DATES OF PUBLICATION AND/OR SEQUENTIAL DESIGNATION
Dates of publication and/or sequential designation Oct
650 ## - SUBJECT ADDED ENTRY--TOPICAL TERM
Topical term or geographic name entry element Mental health
700 ## - ADDED ENTRY--PERSONAL NAME
Personal name Clarke, Philippa
773 ## - HOST ITEM ENTRY
Main entry heading American Sociological Review
909 ## -
-- 59036
Holdings
Withdrawn status Lost status Damaged status Not for loan Permanent Location Current Location Date acquired Serial Enumeration / chronology Barcode Date last seen Price effective from Koha item type
        Indian Institute of Public Administration Indian Institute of Public Administration 2018-07-19 Volume no: 68, Issue no: 5 AR59481 2018-07-19 2018-07-19 Articles

Powered by Koha